Normal view
MARC view
- URDU ADAB-FICTION-TARAB WA KARAB
Entry Topical Term
001 - CONTROL NUMBER
- control field: 79157
003 - CONTROL NUMBER IDENTIFIER
- control field: NUST
005 - DATE AND TIME OF LATEST TRANSACTION
- control field: 20210628210401.0
008 - FIXED-LENGTH DATA ELEMENTS
- fixed length control field: 210628|| aca||aabn | a|a d
040 ## - CATALOGING SOURCE
- Original cataloging agency: NUST
- Transcribing agency: NUST
150 ## - HEADING--TOPICAL TERM
- Topical term or geographic name entry element: URDU ADAB-FICTION-TARAB WA KARAB
670 ## - SOURCE DATA FOUND
- Source citation: Work cat.: (NUST): Naseer Ahmad Nasir. Dr 79156, Tarab wa karab, 1995
